Синхронный детектор с использованием решетчатых периодических функций; Наука. Технологии. Инновации

Dades bibliogràfiques
Parent link:Наука. Технологии. Инновации.— 2005.— С. 188-190
Autor principal: Таскаев Д. М.
Altres autors: Аврамчук В. С. Валерий Степанович
Sumari:В фонде НТБ ТПУ отсутствует
Idioma:rus
Publicat: 2005
Matèries:
Format: MixedMaterials Capítol de llibre
KOHA link:https://koha.lib.tpu.ru/cgi-bin/koha/opac-detail.pl?biblionumber=597599

MARC

LEADER 00000naa0a2200000 4500
001 597599
005 20250206165050.0
035 |a (RuTPU)RU\TPU\tpu\20914 
090 |a 597599 
100 |a 20120322d2005 k y0rusy50 ca 
101 0 |a rus 
102 |a RU 
200 1 |a Синхронный детектор с использованием решетчатых периодических функций  |f Д. М. Таскаев, В. С. Аврамчук 
333 |a В фонде НТБ ТПУ отсутствует 
463 |t Наука. Технологии. Инновации  |o материалы Всероссийской научной конференции молодых ученых, Новосибирск, 8-11 декабря 2005 г.  |v С. 188-190  |d 2005 
610 1 |a труды учёных ТПУ 
700 1 |a Таскаев  |b Д. М. 
701 1 |a Аврамчук  |b В. С.  |c специалист в области автоматики и компьютерной техники  |c доцент Томского политехнического университета, кандидат технических наук  |f 1978-  |g Валерий Степанович  |3 (RuTPU)RU\TPU\pers\25928  |4 070 
801 1 |a RU  |b 63413507  |c 20120322 
942 |c BK